00518nam a22001457a 4500020001800000082001300018100002400031245010300055260002800158300000800186650001600194942000700210952013800217999001700355 a0-19-809220-2 a297.0954 aPOONAWALA, Ismail K aTurks in the Indian Subcontinent, Central and West Asia: The Turkish Presence in the Islamic World aNew DelhibOxfordc2017 a385 aIslam-India cBK 00104070aHMIbHMIcGENd2017-05-09eKohinoor Book Distributors, Hyderabadg1095.00l0o297.0954p25227r2017-05-09w2017-05-09yBK c20409d20409